| 000 | 01636cam a2200361 a 4500 | ||
|---|---|---|---|
| 001 | EDZ0000019003 | ||
| 003 | StDuBDS | ||
| 005 | 20161031105122.0 | ||
| 006 | m||||||||d|||||||| | ||
| 007 | cr ||||||||||| | ||
| 008 | 110107s2007 caua fo 001|0|eng d | ||
| 020 |
_a9781412952651 (ebook) : _cNo price |
||
| 040 |
_aStDuBDS _beng _cStDuBDS _epn |
||
| 049 | _aAlfaisal Main Library | ||
| 050 | 4 | _aHF5548.8 | |
| 082 | 0 | 4 |
_a158.703 _222 |
| 245 | 0 | 0 |
_aEncyclopedia of industrial and organizational psychology _h[electronic resource] / _cedited by Steven G. Rogelberg. |
| 260 |
_aThousand Oaks, Calif. ; _aLondon : _bSAGE, _cc2007. |
||
| 300 |
_a1 online resource (2 v. (xxxvii, 950, 74 p.)) : _bill. |
||
| 500 | _a"A SAGE reference publication." | ||
| 520 | 8 | _aThis text presents an overview of the cross-disciplinary field of industrial and organizational psychology including: the development of individual employees; the factors of overall organizational structure; the use of psychology and the analysis of human behaviour in the contemporary workplace; consumer awareness; and more. | |
| 521 | _aSpecialized. | ||
| 588 | _aDescription based on print version record. | ||
| 504 | _aIncludes bibliographical references and index. | ||
| 650 | 0 |
_aPsychology, Industrial _vEncyclopedias. |
|
| 650 | 0 |
_aOrganizational behavior _vEncyclopedias. |
|
| 655 | 7 |
_aElectronic books. _2local |
|
| 700 | 1 | _aRogelberg, Steven G. | |
| 710 | 2 | _aSage eBooks | |
| 776 | 0 | 8 |
_iPrint version : _z9781412924702 |
| 856 | 4 | 0 | _uhttp://ezproxy.alfaisal.edu/login?url=http://sk.sagepub.com/reference/organizationalpsychology |
| 942 |
_2lcc _cEBOOKS |
||
| 999 |
_c479700 _d479700 |
||